Southville International School and Colleges
Your cart is empty.
  • Cart
  • Lists
    Public lists Eva Luna New books Lux_list list_1
    Your lists Log in to create your own lists
  • Log in to your account
  • Your cookies
  • Search history
Southville International School and Colleges
  • Advanced search
  • Recent comments
  • Most popular
  • Libraries

Log in to your account

Log in with GOOGLE


If you do not have an external account, but do have a local account, you can still log in:

  1. Home
  2. MARC view: Parenting the strong-willed child :
Normal view MARC view ISBD view

Parenting the strong-willed child : (Record no. 339782)

[ view plain ]
MARC details
000 -LEADER
fixed length control field 00871nam a2200301Ia 4500
008 - FIXED-LENGTH DATA ELEMENTS--GENERAL INFORMATION
fixed length control field 170711s9999 xx 000 0 und d
020 ## - INTERNATIONAL STANDARD BOOK NUMBER
International Standard Book Number 9780071667821
050 ## - LIBRARY OF CONGRESS CALL NUMBER
Classification number 649.64
050 ## - LIBRARY OF CONGRESS CALL NUMBER
Item number F714 2010
100 ## - MAIN ENTRY--PERSONAL NAME
Personal name Forehand, Rex
245 ## - TITLE STATEMENT
Title Parenting the strong-willed child :
245 ## - TITLE STATEMENT
Remainder of title the clinically proven five-week program for parents of two-to six-year-olds /
245 ## - TITLE STATEMENT
Statement of responsibility, etc by Rex Forehand and Nicholas Long.
250 ## - EDITION STATEMENT
Edition statement Third edition
260 ## - PUBLICATION, DISTRIBUTION, ETC. (IMPRINT)
Place of publication, distribution, etc Philippines :
260 ## - PUBLICATION, DISTRIBUTION, ETC. (IMPRINT)
Name of publisher, distributor, etc McGraw Hill,
260 ## - PUBLICATION, DISTRIBUTION, ETC. (IMPRINT)
Date of publication, distribution, etc 2010
300 ## - PHYSICAL DESCRIPTION
Extent xv, 268 pages :
300 ## - PHYSICAL DESCRIPTION
Other physical details illustrations ;
300 ## - PHYSICAL DESCRIPTION
Dimensions 23cm.
500 ## - GENERAL NOTE
General note Includes appendix, bibliographic reference and index.
650 ## - SUBJECT ADDED ENTRY--TOPICAL TERM
Topical term or geographic name as entry element Child rearing.
650 ## - SUBJECT ADDED ENTRY--TOPICAL TERM
Topical term or geographic name as entry element Parenting.
650 ## - SUBJECT ADDED ENTRY--TOPICAL TERM
Topical term or geographic name as entry element Problem children --
650 ## - SUBJECT ADDED ENTRY--TOPICAL TERM
General subdivision Behavior modification.
700 ## - ADDED ENTRY--PERSONAL NAME
Personal name Long, Nicholas.
700 ## - ADDED ENTRY--PERSONAL NAME
Personal name Title.

No items available.

Parenting the strong-willed child :

APA

Forehand R., Long N. & Title.Parenting the strong-willed child. Philippines: .

Chicago

Forehand Rex, Long Nicholas and Title.Parenting the strong-willed child. Philippines: .

Harvard

Forehand R., Long N. and Title.Parenting the strong-willed child. Philippines: .

MLA

Forehand Rex, Long Nicholas and Title.Philippines: . .

  • Print
  • Cite
  • Add to your cart (remove)
  • Save record
    BIBTEX Dublin Core MARCXML MARC (non-Unicode/MARC-8) MARC (Unicode/UTF-8) MARC (Unicode/UTF-8, Standard) MODS (XML) RIS
  • More searches
    Search for this title in:
    Other Libraries (WorldCat) Other Databases (Google Scholar) Online Stores (Bookfinder.com) Open Library (openlibrary.org)

Exporting to Dublin Core...

SOUTHVILLE LIBRARY

Southville International School and Colleges Library

1281 Tropical Ave. Cor. Luxembourg St., BF Homes International, Las Pinas City

Tel. No. 8256374 / 252358 Loc. 117/146

Powered by Koha